| 000 | 00665nam a2200217 a 4500 | ||
|---|---|---|---|
| 003 | CBULib | ||
| 005 | 20250507124219.0 | ||
| 008 | 091211s1980 ||||||||||||||||| || u | ||
| 040 |
_bEnglish _cCBULib _erda |
||
| 050 | _aPAPERS/STAFF | ||
| 100 | _aDean, E | ||
| 245 | 1 | 0 |
_aPublishing in Zambia _c/by Dean Elizabeth |
| 260 |
_aUnited Kingdom _bUniversity of Leicester _c1980 |
||
| 300 | _a15pages | ||
| 336 |
_2rdacontent _aText | _btxt |
||
| 337 |
_2rdamedia _aUnmediated | _bn |
||
| 338 |
_2rdacarrier _aVolume _bnc |
||
| 650 | 0 |
_aPUBLISHERS AND PUBLISHING--ZAMBIA _94521 |
|
| 942 |
_2mc _c030 |
||
| 999 |
_c55341 _d55341 |
||